zpět

Detail výsledku týmu

Organza, Liberec

Datum a čas kvízu

41 Celkem bodů Celkový počet nahraných bodů na tomto kvízu bez doplňovacích otázek.
2. Pořadí na kvízu Konečné umístění týmu na tomto kvízu.

Zaznamenané odpovědi

# Otázka Odpověď Body Výsledky
1. Která politická strana v kampa... SOCDEM (uznáváme i starší název ČSSD) 1
2. V okolí londýnské stanice metr... Burberry 1
3. Českých sci-fi filmů nebývá ka... Bod obnovy 1
4. V pondělí byla slavnostně zahá... v Brně 0
5. Který český prvoligový fotbalo... Viktoria Plzeň 1
6. Pes jménem Argos je známý z an... Odysseovi 1
7. Salvador Dalí coby extravagant... o mravenečníka 1
8. Dokážete přiřadit následující... 1D 2C 3B 4A 1
9. Jak se jmenuje kočka na obrázk... Micka 1
10. Astronom konce 16. století cho... Tycho Brahe 1